Octavio Augusto [ (Record no. 86317)

MARC details
000 -LEADER
campo de control de longitud fija 01102nam a2200241 i 4500
001 - NÚMERO DE CONTROL
campo de control 86317
003 - IDENTIFICADOR DE NÚMERO DE CONTROL
campo de control ES-MaACL
005 - FECHA Y HORA DE LA ÚLTIMA TRANSACCIÓN
campo de control 20230906175423.0
007 - CAMPO FIJO DE DESCRIPCIÓN FÍSICA--INFORMACIÓN GENERAL
campo de control de longitud fija t|
008 - DATOS DE LONGITUD FIJA--INFORMACIÓN GENERAL
campo de control de longitud fija 041227s2000 sp ||||1| spa d
080 ## - NÚMERO DE LA CLASIFICACIÓN DECIMAL UNIVERSAL
Número de la Clasificación Decimal Universal 929 Augusto (37)
245 00 - MENCIÓN DEL TÍTULO
Título Octavio Augusto [
Medio Recurso electrónico].
260 ## - PUBLICACIÓN, DISTRIBUCIÓN, ETC.
Lugar de publicación, distribución, etc. [Madrid] :
Nombre del editor, distribuidor, etc. Dolmen,
Fecha de publicación, distribución, etc. [2000]
300 ## - DESCRIPCIÓN FÍSICA
Extensión 1 disco compacto (CD-ROM) :
Otras características físicas son., col. ;
Dimensiones 12 cm.
490 1# - MENCIÓN DE SERIE
Mención de serie La historia y sus protagonistas ;
Designación de volumen o secuencia 3
505 8# - NOTA DE CONTENIDO CON FORMATO
Nota de contenido con formato Contiene: Roma: desde sus orígenes (754 a.C.) hasta la caída del Imperio Occidental (476)
538 ## - NOTA DE DETALLES DEL SISTEMA
Nota de detalles del sistema Requerimientos del sistema: Procesador Pentium 200 MMX o superior, Memoria RAM 32 Mb o más, Espacio libre en disco duro de 10 Mb o más, Windows 95 o posterior, Tarjeta gráfica 2 Mb, Lector de CD-ROM 16X o superior, Tarjeta de sonido con capacidad de sonido digitalizado y MIDI.
600 14 - PUNTO DE ACCESO ADICIONAL DE MATERIA--NOMBRE DE PERSONA
Nombre de persona Augusto
Títulos y otros términos asociados al nombre Emperador de Roma-
Subdivisión general Biografías-
Subdivisión de forma CD-ROM.
9 (RLIN) 23899
651 #4 - PUNTO DE ACCESO ADICIONAL DE MATERIA--NOMBRE GEOGRÁFICO
Nombre geográfico Roma-
Subdivisión general Historia-
Subdivisión de forma CD-ROM.
9 (RLIN) 9314
830 1# - PUNTO DE ACCESO ADICIONAL DE SERIE-TÍTULO UNIFORME
Título uniforme La historia y sus protagonistas ;
Designación de volumen o secuencia 3
9 (RLIN) 183979
852 ## - LOCALIZACIÓN
Ubicación ES-MaACL
Número de control de estantería ROT 1/4/9
Holdings
Estatus retirado Estado de pérdida Estado de daño No para préstamo Biblioteca de origen Biblioteca actual Ubicación en estantería Fecha de adquisición Fuente de adquisición Total de préstamos Signatura topográfica completa Código de barras Visto por última vez Precio de reemplazo Tipo de ítem Koha
        Biblioteca del Ateneo de Madrid Biblioteca del Ateneo de Madrid Depósito 17/01/2008     ROT 1/4/9 1090186 23/02/2023 23/02/2023 Archivo de ordenador en CD-ROM, CD o disquete